000 00718nam a2200265Ia 4500
005 20260121161448.0
008 008 260114s9999 xx 000 0 eng d
020 _a9780429286391
037 _aEBOOK
040 _aCRL
040 _beng
040 _cCRL
041 _2eng
041 _aeng
084 _qCRL
100 _aNatural Stone and World Heritage: Delhi-Agra, India
_91045200
245 0 _aGurmeet Kaur; Sakoon Singh; Anuvinder Ahuja; Noor Singh
260 _bTaylor and Francis
260 _c2020
650 _aHeritage Management & Conservation
_91045201
856 _uhttp://www.taylorfrancis.com/books/9780429286391
942 _cEBOOK
999 _c1611008
_d1611008